• 首页
  • 本馆介绍
  • 公告通知
  • 最新文献
  • 馆藏检索
  • 电子资源
  • 读者导购
  • 参考咨询
  • 我的图书馆
  • 登录
  • 详细信息显示
  • 放入我的书架
  • 预约/预借图书
  • 作者相关作品
  • 分类相关作品
  • 丛书相关作品
  • 出版社相关作品

书目信息

  • 表格格式
  • 工作单格式
  • 卡片格式
题名:
电梯及相关标准汇编
    
 
作者: ;全国电梯标准化技术委员会 编
分册:  
出版信息: 北京   中国标准出版社  2004.11
页数: 561页
开本: 26cm
丛书名:
单 册:
中图分类: TH211-65
科图分类:
主题词: 起重机械 , 手枪 , 转轮枪
电子资源:
ISBN: 7-5066-3625-5
000 00803nam0 2200241 450
001 0733002459
005 20071214091043.60
010    @a7-5066-3625-5@dCNY98.00
100    @a20071214d2004 km y0chiy0120 ea
101 0  @achi
102    @aCN@b110000
200 1  @a电梯及相关标准汇编@Adian ti ji xiang guan biao zhun hui bian@f本社,全国电梯标准化技术委员会编@Fben she,quan guo dian ti biao zhun hua ji shu wei yuan hui bian
205    @a2版
210    @a北京@c中国标准出版社@d2004.11
215    @a561页@d26cm
606 0  @a起重机械
606 0  @a手枪
606 0  @a转轮枪
690    @aTH211-65@v4
711 02 @a全国电梯标准化技术委员会@Aquan guo dian ti biao zhun hua ji shu wei yuan hui@4编
801  0 @aCN@b大连网信软件有限公司图书馆@c20071214
905    @aBZT@dTH211-65@e1
906    @dCNY98.00@n0@r1
    
    电梯及相关标准汇编/本社,全国电梯标准化技术委员会编.-2版.-北京:中国标准出版社,2004.11
    561页;26cm
    
    
    ISBN 7-5066-3625-5:CNY98.00
    
●
相关链接 在五车中查询图书 在当当中查询图书 在豆瓣中查询图书


正题名:电梯及相关标准汇编     索取号:TH211-65/1         预约/预借

序号 登录号 条形码 馆藏地/架位号 状态 备注
1 614095   2000614095   中心书库中库/ 中库030架A面8列2层38/ [索取号:TH211-65/1] 在馆    
2 614096   2000614096   中心书库中库/ 中库030架A面8列2层41/ [索取号:TH211-65/1] 在馆    
3 614097   2000614097   中心书库中库/ 中库030架A面8列2层46/ [索取号:TH211-65/1] 在馆    
4 614098   2000614098   中心书库中库/ 中库030架A面8列2层45/ [索取号:TH211-65/1] 在馆    
5 614099   2000614099   中心书库中库/ 中库030架A面8列2层44/ [索取号:TH211-65/1] 在馆    
6 614100   2000614100   中心书库中库/ 中库030架A面8列2层40/ [索取号:TH211-65/1] 在馆    
7 614101   2000614101   中心书库中库/ 中库030架A面8列2层39/ [索取号:TH211-65/1] 在馆    
8 614102   2000614102   中心书库中库/ 中库030架A面8列2层42/ [索取号:TH211-65/1] 在馆    
9 614103   2000614103   中心书库中库/ 中库030架A面8列2层43/ [索取号:TH211-65/1] 在馆    
10 614104   2000614104   中心书库中库/ 中库030架A面8列2层37/ [索取号:TH211-65/1] 在馆    
山东省滨州职业学院图书馆 欢迎您!
大连网信软件有限公司© 版权所有